000 00277nam a22001337a 4500
008 180312b xxu||||| |||| 00| 0 eng d
020 _a9780028250311
041 _aeng
080 _a51
100 _a37
101 _aMAT
245 _aPre-Algebra
_cGlencoe
942 _2udc
_cBK
999 _c44790
_d44790